书目信息 |
| 题名: |
正义诸理论
|
|
| 作者: | 巴里 著 ;孙晓春 , 曹海军 译 | |
| 分册: | 上 | |
| 出版信息: | 长春 吉林人民出版社 2005 |
|
| 页数: | 255页 | |
| 开本: | 21cm | |
| 丛书名: | 人文译丛 | |
| 单 册: | ||
| 中图分类: | D081 | |
| 科图分类: | ||
| 主题词: | 正义--研究 , 正义 | |
| 电子资源: | ||
| ISBN: | 7-206-04467-0 | |
| 000 | 01037oam2 2200313 45 | |
| 001 | 01200620000106 | |
| 005 | 20070113103420.37 | |
| 010 | @a7-206-04467-0@dCNY42.50(上下) | |
| 092 | @aCN@b489857 | |
| 100 | @a20060416d2005 em y0chiy0120 ea | |
| 101 | 1 | @achi@ceng |
| 102 | @aCN@b220000 | |
| 105 | @ay z 001yy | |
| 200 | 1 | @a正义诸理论@9zheng yi zhu li lun@h上@f(英)布莱恩·巴里著@g孙晓春,曹海军译 |
| 205 | @a2版 | |
| 210 | @a长春@c吉林人民出版社@d2005 | |
| 215 | @a255页@d21cm | |
| 225 | 2 | @a人文译丛@i政治哲学书系@f何怀宏总主编 |
| 330 | @a本书阐述和评析了两种正义理论:相互有利的正义和作为公平的正义;全书包括正义诸理论、休谟和罗尔斯论社会正义、作为互利性的正义对作为公正的正义三部分内容。 | |
| 462 | 0 | @12001 @a政治哲学书系 |
| 510 | 1 | @aTheories of justice@zeng |
| 606 | 0 | @a正义@x研究 |
| 606 | 0 | @a正义 |
| 690 | @aD081@v4 | |
| 701 | 1 | @a巴里@9ba li@b布莱恩@4著 |
| 702 | 0 | @a孙晓春@9sun xiao chun@4译 |
| 702 | 0 | @a曹海军@9cao hai jun@4译 |
| 801 | 0 | @aCN@bLZJBOOK@c20070113 |
| 905 | @a10447@dD081@e13:1=2 | |
| 正义诸理论.上/(英)布莱恩·巴里著/孙晓春,曹海军译.-2版.-长春:吉林人民出版社,2005 |
| 255页;21cm.-(人文译丛.政治哲学书系/何怀宏总主编) |
| ISBN 7-206-04467-0:CNY42.50(上下) |
| 本书阐述和评析了两种正义理论:相互有利的正义和作为公平的正义;全书包括正义诸理论、休谟和罗尔斯论社会正义、作为互利性的正义对作为公正的正义三部分内容。 |
| ● |
| 相关链接 |
|
|
|
|
正题名:正义诸理论
索取号:D081/13:1=2
 
预约/预借
| 序号 | 登录号 | 条形码 | 馆藏地/架位号 | 状态 | 备注 |
| 1 | 0557861 | 205578613 | 第一样本阅览室/ [索取号:D081/13:1=2] | 在馆 | |
| 2 | 0557862 | 205578622 | 第一借阅区/ [索取号:D081/13:1=2] | 在馆 | |
| 3 | 0557863 | 205578631 | 密集书库/ [索取号:D081/13:1=2] | 在馆 | |
| 4 | 0557864 | 205578640 | 第一借阅区/ [索取号:D081/13:1=2] | 在馆 | |
| 5 | 0557865 | 205578659 | 密集书库/ [索取号:D081/13:1=2] | 在馆 | |
| 6 | 0557866 | 205578668 | 密集书库/ [索取号:D081/13:1=2] | 在馆 | |
| 7 | 0557867 | 205578677 | 第一借阅区/ [索取号:D081/13:1=2] | 在馆 | |
| 8 | 0557868 | 205578686 | 第一借阅区/ [索取号:D081/13:1=2] | 在馆 |